000 00849nam a2200229Ia 4500
001 17712
003 GE_BSU
008 181216s||||||||xx |||||||||||||| ||und||
020 _a978-9941-9135-9-4
040 _cGE_BSU
080 _a631.311(479.22)
100 _aკილასონია, ე. თავბერიძე,ს.
245 _aსასოფლო-სამეურნეო ტექნიკის საექსპლუატაციო მასალები
245 _cრედ. ზ.ციბაძე.
260 _aქუთაისი
260 _bლამპარი
260 _c2013
300 _a304 გვ. : ნახ., ცხრ. ; 20 სმ
300 _eბიბლიოგრ.:გვ.298
653 _aსასოფლო-სამეურნეო ტექნიკა
942 _cBK
999 _c50760
_d50760